000 00496cab a2200181 4500
001 WB2431-30
008 090401t1988 xxu||||| |||| 00| 0 eng d
035 _a(Sirsi) u2097
041 _aeng
245 _aRoof over your job
260 _c1988
350 _a0
490 _aTimes
_v(Supplement) 30/7/88 p6
520 _aLooks at a CBI survey to find the best housing incentives to bring the employees to the work.
690 _aPROPERTY LAW AND PRACTICE
942 _n0
948 _c04/03/1997
999 _c1258
_d1258